00761nam a2200217Ia 4500003000900000008004100009020001800050040001600068080001300084100003400097245010700131260003500238300001000273650004100283650002700324650001700351700003300368942000700401999001700408952011800425IN-BaIIA211028s9999 xx 000 0 eng d a81-224-0408-1 cIIA Library a523bJOS aJoshi, Avinash Wasudeo918105 0aOur solar systemcAvinash Wasudeo Joshi and Narayan Chandra Rana  aNew DelhibWiley Easternc1992 a141p. aAstronomy and astrophysics thesaurus aPlanetary systems9965 aSolar system aRana, Narayan Chandra917596 cBK c10616d10616 00104070aBANbBANcGENd1993-03-10g250.00l0o523/ JOSp11527r2021-11-05v250.00w1993-03-10yBKGRs. 250.00